Alle Städte Bayerns - Statistiken

Allgemein
  • Dieses Quiz wurde 1.066 mal gespielt
  • Das Durchschnittsergebnis liegt bei 99 aus 317
Antwortstatistiken
Rang Einwohner Stadt Landkreis % Korrekt
1 1.484.226 München kreisfrei
94%
2 518.370 Nürnberg kreisfrei
93%
3 296.582 Augsburg kreisfrei
92%
154 10.988 Regen Regen
92%
6 128.497 Fürth kreisfrei
91%
4 153.094 Regensburg kreisfrei
89%
5 137.392 Ingolstadt kreisfrei
87%
21 45.825 Hof (Saale) kreisfrei
86%
9 77.373 Bamberg kreisfrei
85%
8 112.528 Erlangen kreisfrei
85%
17 52.803 Passau kreisfrei
85%
7 127.934 Würzburg kreisfrei
85%
12 71.002 Aschaffenburg kreisfrei
84%
10 74.783 Bayreuth kreisfrei
84%
14 63.551 Rosenheim kreisfrei
84%
15 58.978 Neu-Ulm Neu-Ulm
83%
48 25.238 Roth Roth
81%
11 73.411 Landshut kreisfrei
80%
26 41.798 Ansbach kreisfrei
79%
27 41.072 Coburg kreisfrei
79%
33 33.721 Deggendorf Deggendorf
79%
32 36.437 Erding Erding
79%
18 49.126 Freising Freising
79%
20 47.721 Dachau Dachau
78%
88 16.990 Cham Cham
77%
30 40.277 Neumarkt in der Oberpfalz Neumarkt in der Oberpfalz
77%
16 53.426 Schweinfurt kreisfrei
77%
25 42.207 Amberg kreisfrei
76%
46 25.512 Lindau (Bodensee) Lindau
76%
31 37.004 Fürstenfeldbruck Fürstenfeldbruck
75%
38 29.130 Schwandorf Schwandorf
75%
70 19.155 Bad Tölz Bad Tölz-Wolfratshausen
74%
34 32.260 Forchheim Forchheim
74%
37 29.228 Landsberg am Lech Landsberg am Lech
74%
64 20.599 Traunstein Traunstein
74%
61 21.028 Günzburg Günzburg
73%
44 25.866 Kulmbach Kulmbach
73%
55 22.443 Bad Kissingen Bad Kissingen
72%
13 69.151 Kempten (Allgäu) kreisfrei
72%
57 21.940 Kitzingen Kitzingen
72%
19 47.791 Straubing kreisfrei
72%
129 13.001 Altötting Altötting
71%
63 20.779 Mühldorf am Inn Mühldorf am Inn
71%
36 29.793 Neuburg an der Donau Neuburg-Schrobenhausen
70%
43 26.124 Pfaffenhofen an der Ilm Pfaffenhofen an der Ilm
70%
49 23.488 Starnberg Starnberg
70%
66 20.142 Lichtenfels Lichtenfels
69%
23 44.100 Memmingen kreisfrei
69%
71 19.149 Dillingen an der Donau Dillingen an der Donau
68%
90 16.815 Kronach Kronach
68%
59 21.470 Aichach Aichach-Friedberg
67%
77 18.645 Weißenburg in Bayern Weißenburg-Gunzenhausen
67%
67 19.985 Dingolfing Dingolfing-Landau
66%
52 22.571 Weilheim in Oberbayern Weilheim-Schongau
66%
171 9.295 Wunsiedel Wunsiedel im Fichtelgebirge
66%
35 29.979 Friedberg Aichach-Friedberg
65%
123 13.377 Eichstätt Eichstätt
64%
89 16.842 Kelheim Kelheim
64%
73 19.033 Wolfratshausen Bad Tölz-Wolfratshausen
64%
24 42.743 Weiden in der Oberpfalz kreisfrei
63%
92 16.616 Gunzenhausen Weißenburg-Gunzenhausen
62%
170 9.304 Miltenberg Miltenberg
61%
207 7.171 Freyung Freyung-Grafenau
60%
22 44.398 Kaufbeuren kreisfrei
60%
118 13.562 Landau an der Isar Dingolfing-Landau
60%
86 17.226 Schrobenhausen Neuburg-Schrobenhausen
60%
139 12.193 Ebersberg Ebersberg
59%
69 19.410 Sulzbach-Rosenberg Amberg-Sulzbach
59%
119 13.551 Höchstadt an der Aisch Erlangen-Höchstadt
57%
213 6.774 Höchstädt an der Donau Dillingen an der Donau
57%
147 11.471 Miesbach Miesbach
56%
28 40.981 Schwabach kreisfrei
56%
183 8.712 Tirschenreuth Tirschenreuth
56%
135 12.377 Schongau Weilheim-Schongau
55%
191 8.247 Grafenau Freyung-Grafenau
53%
159 10.197 Bogen Straubing-Bogen
51%
68 19.590 Donauwörth Donau-Ries
51%
96 15.506 Füssen Ostallgäu
51%
80 18.443 Bad Reichenhall Berchtesgadener Land
50%
42 26.483 Lauf an der Pegnitz Nürnberger Land
47%
75 18.713 Burghausen Altötting
45%
126 13.259 Neustadt an der Aisch Neustadt an der Aisch-Bad Windsheim
45%
136 12.369 Bad Windsheim Neustadt an der Aisch-Bad Windsheim
42%
65 20.546 Nördlingen Donau-Ries
42%
29 40.399 Germering Fürstenfeldbruck
41%
235 5.685 Neustadt an der Waldnaab Neustadt an der Waldnaab
41%
148 11.391 Rothenburg ob der Tauber Ansbach
41%
122 13.501 Haßfurt Haßberge
39%
39 28.950 Unterschleißheim München
39%
62 20.931 Traunreut Traunstein
38%
132 12.796 Wasserburg am Inn Rosenheim
38%
87 17.147 Freilassing Berchtesgadener Land
37%
51 23.373 Herzogenaurach Erlangen-Höchstadt
37%
58 21.619 Sonthofen Oberallgäu
37%
81 17.760 Garching bei München München
36%
41 27.985 Olching Fürstenfeldbruck
36%
83 17.482 Illertissen Neu-Ulm
35%
45 25.588 Zirndorf Fürth
35%
178 8.989 Neuötting Altötting
34%
85 17.228 Marktredwitz Wunsiedel im Fichtelgebirge
33%
105 14.895 Selb Wunsiedel im Fichtelgebirge
33%
72 19.056 Bad Aibling Rosenheim
32%
47 25.438 Geretsried Bad Tölz-Wolfratshausen
32%
40 28.059 Königsbrunn Augsburg
32%
91 16.758 Vilshofen an der Donau Passau
32%
97 15.358 Bad Neustadt an der Saale Rhön-Grabfeld
31%
128 13.028 Plattling Deggendorf
31%
141 11.836 Dinkelsbühl Ansbach
30%
108 14.314 Immenstadt im Allgäu Oberallgäu
30%
113 13.840 Eggenfelden Rottal-Inn
29%
130 12.953 Pfarrkirchen Rottal-Inn
29%
94 16.328 Bad Wörishofen Unterallgäu
28%
99 15.189 Lohr am Main Main-Spessart
28%
74 18.725 Marktoberdorf Ostallgäu
28%
102 15.137 Mindelheim Unterallgäu
28%
76 18.656 Moosburg an der Isar Freising
28%
138 12.203 Vilsbiburg Landshut
28%
50 23.392 Waldkraiburg Mühldorf am Inn
28%
125 13.263 Pegnitz Bayreuth
27%
79 18.505 Alzenau Aschaffenburg
26%
133 12.479 Feuchtwangen Ansbach
26%
114 13.775 Grafing bei München Ebersberg
26%
279 3.682 Tegernsee Miesbach
26%
131 12.952 Treuchtlingen Weißenburg-Gunzenhausen
26%
162 10.039 Gemünden am Main Main-Spessart
25%
54 22.451 Gersthofen Augsburg
25%
78 18.532 Kolbermoor Rosenheim
25%
101 15.163 Mainburg Kelheim
25%
110 14.128 Stein Fürth
25%
169 9.306 Zwiesel Regen
25%
124 13.273 Buchloe Ostallgäu
24%
120 13.522 Krumbach (Schwaben) Günzburg
24%
53 22.529 Senden Neu-Ulm
24%
98 15.276 Altdorf bei Nürnberg Nürnberger Land
23%
157 10.434 Bad Staffelstein Lichtenfels
23%
106 14.697 Dorfen Erding
23%
134 12.436 Hersbruck Nürnberger Land
23%
104 14.983 Karlstadt Main-Spessart
23%
56 22.335 Neusäß Augsburg
23%
100 15.173 Neustadt bei Coburg Coburg
23%
112 13.996 Abensberg Kelheim
22%
115 13.731 Hilpoltstein Roth
22%
107 14.604 Neustadt an der Donau Kelheim
22%
149 11.296 Ochsenfurt Würzburg
22%
95 16.041 Pocking Passau
22%
109 14.312 Schwabmünchen Augsburg
22%
164 9.867 Beilngries Eichstätt
21%
175 9.084 Furth im Wald Cham
21%
227 6.142 Nabburg Schwandorf
21%
116 13.687 Burglengenfeld Schwandorf
20%
151 11.213 Marktheidenfeld Main-Spessart
20%
111 13.997 Neutraubling Regensburg
20%
205 7.292 Parsberg Neumarkt in der Oberpfalz
20%
93 16.514 Penzberg Weilheim-Schongau
20%
60 21.417 Puchheim Fürstenfeldbruck
20%
163 9.954 Simbach am Inn Rottal-Inn
20%
84 17.307 Bobingen Augsburg
19%
153 11.023 Hammelburg Bad Kissingen
19%
202 7.316 Laufen Berchtesgadener Land
19%
161 10.107 Münchberg Hof
19%
196 7.647 Naila Hof
19%
180 8.852 Volkach Kitzingen
19%
201 7.317 Ebern Haßberge
18%
211 6.868 Gerolzhofen Schweinfurt
18%
82 17.681 Oberasbach Fürth
18%
166 9.398 Rehau Hof
18%
188 8.374 Viechtach Regen
18%
121 13.521 Weißenhorn Neu-Ulm
18%
275 3.971 Amorbach Miltenberg
17%
313 1.447 Aub Würzburg
17%
218 6.462 Bad Brückenau Bad Kissingen
17%
199 7.480 Bad Kötzting Cham
17%
160 10.123 Burgau Günzburg
17%
195 7.808 Gundelfingen an der Donau Dillingen an der Donau
17%
185 8.583 Hallstadt Bamberg
17%
144 11.703 Hauzenberg Passau
17%
165 9.702 Heilsbronn Ansbach
17%
143 11.764 Osterhofen Deggendorf
17%
186 8.411 Rottenburg an der Laaber Landshut
17%
103 15.096 Stadtbergen Augsburg
17%
150 11.295 Trostberg Traunstein
17%
176 9.069 Bad Griesbach im Rottal Passau
16%
182 8.745 Berching Neumarkt in der Oberpfalz
16%
209 6.978 Ebermannstadt Forchheim
16%
174 9.114 Freystadt Neumarkt in der Oberpfalz
16%
189 8.369 Helmbrechts Hof
16%
145 11.525 Lindenberg im Allgäu Lindau
16%
247 5.151 Oettingen in Bayern Donau-Ries
16%
179 8.891 Rain Donau-Ries
16%
140 12.142 Roding Cham
16%
117 13.630 Vöhringen Neu-Ulm
16%
155 10.704 Waldkirchen Freyung-Grafenau
16%
264 4.336 Bad Berneck im Fichtelgebirge Bayreuth
15%
231 6.013 Bad Königshofen im Grabfeld Rhön-Grabfeld
15%
220 6.418 Bad Rodach Coburg
15%
266 4.295 Gefrees Bayreuth
15%
221 6.383 Grafenwöhr Neustadt an der Waldnaab
15%
276 3.953 Marktbreit Kitzingen
15%
241 5.551 Mellrichstadt Rhön-Grabfeld
15%
197 7.598 Münnerstadt Bad Kissingen
15%
127 13.169 Rödental Coburg
15%
137 12.306 Röthenbach an der Pegnitz Nürnberger Land
15%
297 2.850 Schillingsfürst Ansbach
15%
214 6.677 Waldmünchen Cham
15%
258 4.828 Bischofsheim in der Rhön Rhön-Grabfeld
14%
208 7.163 Greding Roth
14%
168 9.326 Hemau Regensburg
14%
250 5.095 Hofheim in Unterfranken Haßberge
14%
262 4.667 Iphofen Kitzingen
14%
152 11.060 Lauingen (Donau) Dillingen an der Donau
14%
316 1.037 Lichtenberg Hof
14%
142 11.787 Maxhütte-Haidhof Schwandorf
14%
217 6.502 Uffenheim Neustadt an der Aisch-Bad Windsheim
14%
229 6.053 Wassertrüdingen Ansbach
14%
239 5.624 Zeil am Main Haßberge
14%
274 3.984 Baunach Bamberg
13%
236 5.634 Eltmann Haßberge
13%
158 10.258 Erlenbach am Main Miltenberg
13%
271 4.189 Eschenbach in der Oberpfalz Neustadt an der Waldnaab
13%
240 5.561 Harburg (Schwaben) Donau-Ries
13%
280 3.588 Königsberg in Bayern Haßberge
13%
203 7.307 Leipheim Günzburg
13%
282 3.431 Ludwigsstadt Kronach
13%
314 1.113 Neustadt am Kulm Neustadt an der Waldnaab
13%
251 5.051 Oberviechtach Schwandorf
13%
285 3.305 Ostheim vor der Rhön Rhön-Grabfeld
13%
246 5.171 Pottenstein Bayreuth
13%
206 7.228 Scheßlitz Bamberg
13%
232 5.925 Schlüsselfeld Bamberg
13%
269 4.250 Selbitz Hof
13%
234 5.823 Tittmoning Traunstein
13%
172 9.276 Töging am Inn Altötting
13%
222 6.306 Vilseck Amberg-Sulzbach
13%
200 7.407 Vohenstrauß Neustadt an der Waldnaab
13%
256 4.975 Windischeschenbach Neustadt an der Waldnaab
13%
257 4.909 Wörth an der Donau Regensburg
13%
192 8.116 Arnstein Main-Spessart
12%
249 5.127 Arzberg Wunsiedel im Fichtelgebirge
12%
181 8.781 Auerbach in der Oberpfalz Amberg-Sulzbach
12%
194 7.854 Baiersdorf Erlangen-Höchstadt
12%
219 6.446 Burgkunstadt Lichtenfels
12%
255 4.992 Creußen Bayreuth
12%
225 6.167 Dietfurt an der Altmühl Neumarkt in der Oberpfalz
12%
243 5.494 Kemnath Tirschenreuth
12%
226 6.150 Klingenberg am Main Miltenberg
12%
156 10.601 Langenzenn Fürth
12%
216 6.580 Mitterteich Tirschenreuth
12%
273 4.039 Pappenheim Weißenburg-Gunzenhausen
12%
228 6.066 Riedenburg Kelheim
12%
187 8.399 Vohburg an der Donau Pfaffenhofen an der Ilm
12%
215 6.668 Waldsassen Tirschenreuth
12%
242 5.503 Abenberg Roth
11%
284 3.342 Burgbernheim Neustadt an der Aisch-Bad Windsheim
11%
204 7.295 Dettelbach Kitzingen
11%
278 3.851 Ellingen Weißenburg-Gunzenhausen
11%
303 2.212 Fladungen Rhön-Grabfeld
11%
146 11.473 Geisenfeld Pfaffenhofen an der Ilm
11%
272 4.152 Gräfenberg Forchheim
11%
193 8.048 Herrieden Ansbach
11%
238 5.630 Hirschau Amberg-Sulzbach
11%
304 1.993 Marktsteft Kitzingen
11%
223 6.285 Neumarkt-St.Veit Mühldorf am Inn
11%
190 8.312 Neunburg vorm Wald Schwandorf
11%
177 9.027 Nittenau Schwandorf
11%
184 8.659 Obernburg am Main Miltenberg
11%
245 5.349 Pfreimd Schwandorf
11%
294 3.058 Prichsenstadt Kitzingen
11%
317 1.022 Rothenfels Main-Spessart
11%
277 3.922 Seßlach Coburg
11%
253 5.047 Spalt Roth
11%
311 1.539 Stadtprozelten Miltenberg
11%
291 3.095 Stadtsteinach Kulmbach
11%
244 5.352 Velburg Neumarkt in der Oberpfalz
11%
308 1.822 Velden Nürnberger Land
11%
261 4.706 Wörth am Main Miltenberg
11%
289 3.105 Bärnau Tirschenreuth
10%
254 5.033 Erbendorf Tirschenreuth
10%
212 6.824 Geiselhöring Straubing-Bogen
10%
281 3.469 Goldkronach Bayreuth
10%
252 5.050 Hollfeld Bayreuth
10%
173 9.213 Ichenhausen Günzburg
10%
237 5.633 Leutershausen Ansbach
10%
295 3.013 Marktleuthen Wunsiedel im Fichtelgebirge
10%
248 5.149 Monheim Donau-Ries
10%
310 1.619 Ornbau Ansbach
10%
301 2.337 Pleystein Neustadt an der Waldnaab
10%
260 4.724 Scheinfeld Neustadt an der Aisch-Bad Windsheim
10%
292 3.066 Waischenfeld Bayreuth
10%
259 4.751 Weismain Lichtenfels
10%
290 3.099 Weißenstadt Wunsiedel im Fichtelgebirge
10%
233 5.828 Wemding Donau-Ries
10%
167 9.346 Wertingen Dillingen an der Donau
10%
230 6.050 Windsbach Ansbach
10%
288 3.119 Wolframs-Eschenbach Ansbach
10%
299 2.443 Betzenstein Bayreuth
9%
293 3.065 Eibelstadt Würzburg
9%
263 4.642 Heideck Roth
9%
312 1.456 Hohenberg an der Eger Wunsiedel im Fichtelgebirge
9%
287 3.189 Kirchenlamitz Wunsiedel im Fichtelgebirge
9%
315 1.057 Kupferberg Kulmbach
9%
302 2.219 Mainbernheim Kitzingen
9%
296 3.000 Merkendorf Ansbach
9%
267 4.271 Pressath Neustadt an der Waldnaab
9%
306 1.914 Rieneck Main-Spessart
9%
283 3.396 Rötz Cham
9%
307 1.899 Schauenstein Hof
9%
210 6.926 Schwarzenbach an der Saale Hof
9%
198 7.550 Teublitz Schwandorf
9%
224 6.250 Thannhausen Günzburg
9%
268 4.261 Waldershof Tirschenreuth
9%
298 2.627 Wallenfels Kronach
9%
309 1.668 Röttingen Würzburg
8%
270 4.232 Schnaittenbach Amberg-Sulzbach
8%
300 2.404 Schönsee Schwandorf
8%
286 3.221 Schönwald Wunsiedel im Fichtelgebirge
8%
265 4.323 Schwarzenbach am Wald Hof
8%
305 1.973 Teuschnitz Kronach
8%
Keine übereinstimmenden Quizze gefunden
Verteilung der Resultate
Anzahl Personen mit jedem Resultat
Perzentil nach korrekt beantworteten Fragen
Ihre Resultats-Entwicklung
Sie haben dieses Quiz noch nicht gespielt